000 01120nam a2200289 4500
001 0000019410
003 CO-CtgCURN
005 20250514193518.0
007 ta
008 160627s1997 000 0 eng d
020 _a9502007379
040 _aCO-CtgCURN
_bspa
_ccoctgcurn
082 0 _a345.72
_bF15co
100 1 _aFalcon, Enrique M.
245 1 0 _aComo hacer una demanda /
_cEnrique M. Falcon.
250 _a3a ed. actualizada.
260 _aBuenos Aires :
_bAbeledo-Perrot,
_c1997.
300 _a126 p.
336 _2rdacontent
337 _2rdamedia
_asin mediacion
_bn
338 _2rdacarrier
_avolumen
_bnc
505 8 _aLos conocimientos supuestos.--El porque de los supuestos.--Lugar y alcance de la materia.--Encabezamiento, actor y demandado.--Los hechos.--El derecho.--La pretension.--Una vuelta a los hechos.--Los hechos y la prueba.--La demostracion.--Las firmas.--Los controles posteriores
650 1 4 _aDemandas (Procedimiento civil)
_zArgentina.
908 _a160627
942 _cBK
_h345.72
_iF15co
_2ddc
_n0
999 _c19918
_d19918